000
00285nam a2200109Ia 4500
008
220120s9999||||xx |||||||||||||| ||und||
100
_a
Asbenden, Peter, J
_9
11577
245
0
_a
Designers guide to VHDL
260
_b
New Delhi
300
_a
322p;
_b
760
650
_a
GENERAL KNOWLEDGE
_9
3314
999
_c
136618
_d
136618